Introduction to machine learning / (Record no. 364790)

MARC details
000 -LEADER
fixed length control field 02759cam a2200337 i 4500
001 - CONTROL NUMBER
control field 21052111
003 - CONTROL NUMBER IDENTIFIER
control field OSt
005 - DATE AND TIME OF LATEST TRANSACTION
control field 20250116162652.0
008 - FIXED-LENGTH DATA ELEMENTS--GENERAL INFORMATION
fixed length control field 190703s2020 maua b 001 0 eng
010 ## - LIBRARY OF CONGRESS CONTROL NUMBER
LC control number 2019028373
020 ## - INTERNATIONAL STANDARD BOOK NUMBER
International Standard Book Number 9780262043793
Qualifying information (hardcover)
020 ## - INTERNATIONAL STANDARD BOOK NUMBER
Canceled/invalid ISBN 9780262358064
Qualifying information (ebook)
042 ## - AUTHENTICATION CODE
Authentication code pcc
050 00 - LIBRARY OF CONGRESS CALL NUMBER
Classification number Q325.5
Item number .A46 2020
082 00 - DEWEY DECIMAL CLASSIFICATION NUMBER
Classification number 006.3/1
Edition number 23
100 1# - MAIN ENTRY--PERSONAL NAME
Personal name Alpaydin, Ethem,
Relator term author.
9 (RLIN) 211092
245 10 - TITLE STATEMENT
Title Introduction to machine learning /
Statement of responsibility, etc. Ethem Alpaydin.
250 ## - EDITION STATEMENT
Edition statement Fourth edition.
264 #1 - PRODUCTION, PUBLICATION, DISTRIBUTION, MANUFACTURE, AND COPYRIGHT NOTICE
Place of production, publication, distribution, manufacture Cambridge, Massachusetts :
Name of producer, publisher, distributor, manufacturer The MIT Press,
Date of production, publication, distribution, manufacture, or copyright notice [2020]
300 ## - PHYSICAL DESCRIPTION
Extent xxiv, 682 pages :
Other physical details illustrations ;
Dimensions 24 cm.
336 ## - CONTENT TYPE
Content type term text
Content type code txt
Source rdacontent
337 ## - MEDIA TYPE
Media type term unmediated
Media type code n
Source rdamedia
338 ## - CARRIER TYPE
Carrier type term volume
Carrier type code nc
Source rdacarrier
490 0# - SERIES STATEMENT
Series statement Adaptive computation and machine learning series
504 ## - BIBLIOGRAPHY, ETC. NOTE
Bibliography, etc Includes bibliographical references and index.
520 ## - SUMMARY, ETC.
Summary, etc. "Since the third edition of this text appeared in 2014, most recent advances in machine learning, both in theory and application, are related to neural networks and deep learning. In this new edition, the author has extended the discussion of multilayer perceptrons. He has also added a new chapter on deep learning including training deep neural networks, regularizing them so they learn better, structuring them to improve learning, e.g., through convolutional layers, and their recurrent extensions with short-term memory necessary for learning sequences. There is a new section on generative adversarial networks that have found an impressive array of applications in recent years. Alpaydin has also extended the chapter on reinforcement learning to discuss the use of deep networks in reinforcement learning. There is a new section on the policy gradient method that has been used frequently in recent years with neural networks, and two additional sections on two examples of deep reinforcement learning, which both made headlines when they were announced in 2015 and 2016 respectively. One is a network that learns to play arcade video games, and the other one learns to play Go. There are also revisions in other chapters reflecting new approaches, such as embedding methods for dimensionality reduction, and multi-label classification. In response to requests from instructors, this new edition contains two new appendices on linear algebra and optimization, to remind the reader of the basics of those topics that find use in machine learning"--
Assigning source Provided by publisher.
650 #0 - SUBJECT ADDED ENTRY--TOPICAL TERM
Topical term or geographic name as entry element Machine learning.
9 (RLIN) 208024
906 ## - LOCAL DATA ELEMENT F, LDF (RLIN)
a 7
b cbc
c orignew
d 1
e ecip
f 20
g y-gencatlg
942 ## - ADDED ENTRY ELEMENTS (KOHA)
Source of classification or shelving scheme Dewey Decimal Classification
Koha item type Books
Holdings
Withdrawn status Lost status Source of classification or shelving scheme Damaged status Not for loan Collection code Home library Current library Date acquired Vendor Cost, normal purchase price Total Checkouts Barcode Date last seen Date last checked out Cost, replacement price Bill Date Koha item type Original Barcode
    Dewey Decimal Classification     MCA MKSSS s K.B. Joshi Institute of Information Technology Library MKSSS s K.B. Joshi Institute of Information Technology Library 19/12/2024 87 5218.15 3 KBJP-BK-2663 21/11/2025 18/11/2025 7435.35 19/12/2024 Books 2663
    Dewey Decimal Classification     MCA MKSSS s K.B. Joshi Institute of Information Technology Library MKSSS s K.B. Joshi Institute of Information Technology Library 19/12/2024 87 5218.15 1 KBJP-BK-2664 20/02/2026 04/02/2026 7435.35 19/12/2024 Books 2664